000 00591nam a2200229Ia 4500
003 OSt
005 20220924153330.0
006 a|||||r|||| 00| 0
007 ta
008 220923b |||||||| |||| 00| 0 guj d
024 _a347923
037 _cTextual
040 _aARTS
_cARTS
_bguj
041 _2guj
_aguj
082 _aO156,2M92x15, J9
100 _aDesai Ramanlal Vasantlal
245 0 _aBajju bhavaro
260 _c1959
650 _aGUJRATI LITERATURE
942 _hO156,2M92x15, J9
_cTEXL
_2CC
999 _c473182
_d473182